000 00704nmm a2200277 a 4500
003 AR-BaBNM
005 20251128211214.0
008 263020s1961 ||||||||||||||000 | spa||
040 _cAR-BaBNM
100 1 _aQuiroga, Carlos B.
245 1 0 _aSarmiento
_bhacia una reconstrucción del espíritu argentino
260 _aBuenos Aires
_bAntonio Zamora
_c1961
300 _a289 p.
600 1 4 _aSarmiento, Domingo Faustino
650 4 _aHISTORIA ARGENTINA
650 4 _aBIOGRAFIAS
650 4 _aSOCIOLOGIA
650 4 _aCULTURA
650 4 _aLITERATURA
650 4 _aPERIODISMO
650 4 _aPSICOLOGIA
650 4 _aIDEOLOGIAS
655 _aBIOGRAFIAS
942 _cBK
998 _cMariana
999 _c18708
_d18708